000 00542nam a22001457a 4500
003 MACL
005 20170412122441.0
008 170412b xxu||||| |||| 00| 0 eng d
040 _c MACL
100 _aचंचरीक कन्‍हैयालाल
_963230
245 _aआधुनिक भारत का दलित आंदोलन
260 _aनई दिल्‍ली
_bयूनिवर्सिटी पब्लिकेशन
_c125
650 _aसमाज शास्‍त्र
_936356
942 _2ddc
_cHIN
999 _c56184
_d56184